00980nam a22002537a 4500999001700000003000900017008004100026040007100067082001500138110002900153245003700182260003600219300004200255505011200297650001600409650002700425650002400452700004500476700004400521710002900565942001600594945002100610952009500631 c17915d17915AR-CdUCM190510b ||||| |||| 00| 0 spa d aMUNICIPALIDAD PROVINCIAL DEL CUSCOcBIBLIOTECA MUNICIPAL DEL CUSCO a719 /bG94 aProyecto Pro-Manu922465 aGuía de orquídeas del Manu / aPerú :bTypo graphics,c2004. a122 paginas ;bIlustraciones,c21 cm. aContenido :En las tierras del manu -- Orquídeas -- Ilustraciones -- Detalles florales -- Nueva especie... aManu922466 aReserva natural938159 aFlora y fauna97216 aGerhart Nathaniel ( Traducción)938160 aStevenson, Andrew (Traducción)938161 aProyecto Pro-Manu922465 2ddccLIBROS awntsd2019-05-10 002ddc4070aSAbSAcCARTd2019-05-10g35.00o719 / G94pSA0000000503r2019-05-10yLIBROS